Монгол үндэсний мэргэ төлөг шинжихүй ёсон (Бичлэгийн дугаар. 68494)
[ энгийн харах ]
| 000 -Удирдлага | |
|---|---|
| Ном зүйн бүртгэл тоо буюу кодлох утгыг агуулсан | 01510 a2200217 4500 |
| 003 - ХЯНАЛТЫН ТОО ТОДОРХОЙЛОГЧ | |
| Код | MN-UlNLM |
| 005 - ХАМГИЙН СҮҮЛИЙН ҮЕИЙН ХЭЛЦЛИЙН ОГНОО БА ЦАГ | |
| Тухайн бичилтийг бичсэн засварласан сүүлийн огноо. | 20220726112132.0 |
| 008 - ЕРӨНХИЙ МЭДЭЭЛЭЛ-ЭЛЕМЕНТҮҮДИЙН ӨГӨГДЛИЙН УРТ | |
| fixed length control field | a130t2002 mp ||||| |||| 00| 0 mon d |
| 040 ## - ЭХ СУРВАЛЖИЙГ ТОДОРХОЙЛОН БИЧИХ | |
| Анхны каталогийн байгууллага | Монгол Улсын Үндэсний номын сан |
| 084 ## - БУСАД АНГИЛЛЫН ДУГААР | |
| Анги | 63.5(5Мон) |
| Ангиллын нэр | Номын сан номзүйн ангилал |
| Зохиогчийн 3-н тэмдэгт | B 692 |
| Шинжлэх ухааны мэдлэгийн салбар | Түүх - 63 |
| 245 0# - ҮНДСЭН ГАРЧИГ | |
| Гарчиг | Монгол үндэсний мэргэ төлөг шинжихүй ёсон |
| Оролцогчдын тухай мэдээ | Эрхл. Ш.Сүхбат |
| 250 ## - ХЭВЛЭЛТИЙН ТУХАЙ МЭДЭЭ | |
| Дахин хэвлэлтийн мэдээ | 1 |
| 260 0# - ГАРАЛТЫН ТУХАЙ МЭДЭЭ | |
| Хэвлэгдсэн он | 2002 |
| Хэвлэгдсэн газар | УБ |
| 300 ## - ТООНЫ МЭДЭЭ | |
| Хуудасны тоо | 93х |
| 546 ## - ХЭЛНИЙ ТУХАЙ МЭДЭЭ | |
| Хэл | |
| 653 ## - ТҮЛХҮҮР ҮГС | |
| Түлхүүр үг | Түүх |
| -- | Монголын түүх |
| -- | Угсаатны зүй. Угсаатан судлал |
| 740 ## - НОМЫН АГУУЛГЫН ГАРЧИГ | |
| Номын гарчгууд | Мэргэ төлөг шинжихүйн учир. |
| -- | Далны төлөг шинжихүй. |
| -- | Хялгасан төлөг шинжихүй. |
| -- | Гомбын шооны төлөг шинжихүй. |
| -- | Шооны хаан охин тэнгэр, шоон төлгийг шинжихүй. |
| -- | Шоон төлөг шинжихүй. |
| -- | Зоосны төлөг шинжихүй, таван зоосны төлөг. |
| -- | Есөн зоосны төлөг шинжихүй. |
| -- | Эрхиний төлөг шинжихүй. |
| -- | Чулуугаар шинжих төлөг. |
| -- | Найман навчны төлөг. |
| -- | Бүсгүйн төлөг. |
| -- | Толины мэргэ. |
| -- | Сарны мэргэ. |
| -- | Галын мэргэ. |
| -- | Бөгжний мэргэ. |
| -- | Усны мэргэ. |
| -- | Шагайн төлөг. |
| -- | 12 жилийн нэрт төлөг. |
| -- | Маанийн төлөг. |
| 856 ## - ЭЛЕКТРОН БАЙРЛАЛ БА ХОЛБООС | |
| Төрөл | Хэвлэмэл ном |
| 942 ## - ЭЛЕМЕНТИЙН ТӨРӨЛ | |
| Төрөл | Ном |
| Буцаан татагдсан төлөв | Хасагдсан шалтгаан | Гэмтсэн төлөв | Данс заагч | Захиалах боломжгүй | Үндсэн номын сан | Одоогийн байршил | Салбар танхим | Сан хөмрөг 5 | Бүртгэсэн огноо | Тавиурын заалт | Баркод | Үнэ | Хамгийн сүүлд байсан огноо | Салбар | Нийт уншлаганд гарсан тоо | Хамгийн сүүлд уншлаганд гарсан огноо | Төрөл |
|---|---|---|---|---|---|---|---|---|---|---|---|---|---|---|---|---|---|
| МУҮНомын сан салбар | МУҮНомын сан салбар | МУҮНС салбар | Хүмүүн танхим 6 давхар | МУҮНС салбар | Хүмүүн танхим 6 давхар | 2021-09-10 | 65162 | 02065162 | 2000.00 | 2023-08-08 | 0000020651 | 11 | 2023-08-08 | Ном | |||||
| МУҮНомын сан салбар | МУҮНомын сан салбар | МУҮНС салбар | Хүмүүн танхим 6 давхар | МУҮНС салбар | Хүмүүн танхим 6 давхар | 2021-09-10 | 65163 | 02065163 | 2000.00 | 2023-07-19 | 0000020651 | 1 | 2023-07-19 | Ном | |||||
| МУҮНомын сан салбар | МУҮНомын сан салбар | МУҮНС салбар | Хүмүүн танхим 6 давхар | МУҮНС салбар | Хүмүүн танхим 6 давхар | 2021-09-10 | 65161 | 02065161 | 2000.00 | 2023-01-03 | 0000020651 | 1 | 2023-01-03 | Ном | |||||
| МУҮНомын сан салбар | МУҮНомын сан салбар | МУҮНС салбар | Хүмүүн танхим 6 давхар | МУҮНС салбар | Хүмүүн танхим 6 давхар | 2021-09-10 | 65159 | 02065159 | 2000.00 | 2021-09-10 | 0000020651 | 1 | 2018-11-15 | Ном |